| 000 | 00355nam a2200145Ia 4500 | ||
|---|---|---|---|
| 008 | 230917s9999||||xx |||||||||||||| ||und|| | ||
| 040 |
_e86149 _aMAIN |
||
| 041 | _aEnglish | ||
| 082 | _a759.95412 N194N | ||
| 100 | _aNath, Birendra | ||
| 245 | 0 | _aNalaqnda murals | |
| 260 |
_aNew Delhi _bCosmo _c1983 |
||
| 300 | _axxiv,, 73 p. + xvi plates | ||
| 942 | _cBK | ||
| 999 |
_c36390 _d36390 |
||